| 000 -LEADER |
| fixed length control field |
00498nam a22001817a 4500 |
| 020 ## - INTERNATIONAL STANDARD BOOK NUMBER |
| ISBN |
9780000106292 |
| 082 ## - DEWEY DECIMAL CLASSIFICATION NUMBER |
| Classification number |
M 894.812 092 |
| Item number |
KSP/P |
| 100 ## - MAIN ENTRY--AUTHOR NAME |
| Personal name |
K S Pilla |
| 245 ## - TITLE STATEMENT |
| Title |
Pulimana/ |
| Statement of responsibility, etc |
by K S Pilla |
| 260 ## - PUBLICATION, DISTRIBUTION, ETC. (IMPRINT) |
| Place of publication |
Kottayam: |
| Name of publisher |
Sahithya Pravarthaka Cooperative Society, |
| Year of publication |
2010. |
| 300 ## - PHYSICAL DESCRIPTION |
| Number of Pages |
54p. |
| 650 ## - SUBJECT ADDED ENTRY--TOPICAL TERM |
| Topical Term |
Biography Pulimana Parameswaran Pillai |
| 650 ## - SUBJECT ADDED ENTRY--TOPICAL TERM |
| Topical Term |
Biography Malayalam Writers |
| 650 ## - SUBJECT ADDED ENTRY--TOPICAL TERM |
| Topical Term |
Biography |
| 650 ## - SUBJECT ADDED ENTRY--TOPICAL TERM |
| Topical Term |
Literature Malayalam |
| 650 ## - SUBJECT ADDED ENTRY--TOPICAL TERM |
| Topical Term |
Literature |
| 942 ## - ADDED ENTRY ELEMENTS (KOHA) |
| Koha item type |
Book |